000 00294nam a22001217a 4500
008 180426b xxu||||| |||| 00| 0 eng d
041 _aeng
080 _a043.3
100 _a0
101 _aSHKI-BTH
245 _aKuptimi dhe rëndësia e studimit, të dizajnimi UX
_cMula,Sh
942 _2udc
_cBK
999 _c45555
_d45555